Políticas de fomento empresarial y reconversión laboral: experiencias internacionales y el caso chileno
Salvato in:
| Autore principale: | |
|---|---|
| Ente Autore: | |
| Natura: | Libro |
| Lingua: | spagnolo |
| Pubblicazione: |
Santiago
ILADES
1997
|
| Serie: | I-109
|
| Soggetti: | |
| Tags: |
Aggiungi Tag
Nessun Tag, puoi essere il primo ad aggiungerne!!
|
MARC
| LEADER | 00000nam a2200000 a 4500 | ||
|---|---|---|---|
| 001 | UCM1101 | ||
| 003 | CL-VaPUC | ||
| 008 | 020322e19970000CL |||||||||||||||||spa|d | ||
| 082 | 0 | 4 | |a 330.711 |b SOT |2 21 |
| 100 | 0 | |a Soto, Raimundo |e author |9 468109 | |
| 110 | 2 | |a Programa de Postgrado en Economía ILADES-Georgetown University |e author |9 468110 | |
| 245 | 1 | 0 | |a Políticas de fomento empresarial y reconversión laboral: experiencias internacionales y el caso chileno |
| 300 | |a 48 p | ||
| 942 | |c BK | ||
| 945 | |d 20020322 00:00:00 |a crobeson | ||
| 260 | |a Santiago |b ILADES |c 1997 | ||
| 650 | 7 | |a EDUCACION DE POSTGRADO |2 CL-VaPUC |9 310729 | |
| 650 | 0 | |a Economía |9 255568 | |
| 650 | 0 | |a Políticas económicas |9 353940 | |
| 650 | 7 | |a FOMENTO A LA PRODUCCION |2 CL-VaPUC |9 463921 | |
| 650 | 7 | |a RECONVERSION LABORAL |2 CL-VaPUC |9 366286 | |
| 651 | 7 | |a CHILE |2 CL-VaPUC |9 468111 | |
| 583 | |a last modification |c 20170911 01:29:28 |k Rodrigo Vera | ||
| 490 | 0 | |a I-109 | |
| 999 | |c 299769 |d 299767 | ||
| 952 | |0 0 |1 0 |4 0 |6 330_711000000000000_SOT_1997 |7 0 |8 P |9 356676 |a BIBGIM |b BIBGIM |d 2019-11-21 |i 3588297 |o 330.711 SOT 1997 |p 3588297 |r 2025-01-15 |w 2019-11-21 |y BK |k GIM | ||